[Event "Robinson Cup"]
[Site "Paisley"]
[Date "2018.07.16"]
[Round "1.1"]
[White "Lary, Damien"]
[Black "Gupta, Utkarsh"]
[Result "1/2-1/2"]
[WhiteElo "2098"]
[BlackElo "1797"]
[PlyCount "81"]
[EventDate "2018.07.16"]
[WhiteTeam "France"]
[BlackTeam "Ireland"]
[WhiteTeamCountry "FRA"]
[BlackTeamCountry "IRL"]

1. d4 Nf6 2. c4 g6 3. f3 Bg7 4. e4 d6 5. Nc3 a6 6. Bg5 Nbd7 7. Qd2 c5 8. a4 O-O
9. d5 Rb8 10. Bh6 Nb6 11. Bd3 Bd7 12. Nge2 Na8 13. h4 b5 14. axb5 axb5 15. cxb5
Nc7 16. h5 Qe8 17. Bc4 e6 18. Bxg7 Kxg7 19. hxg6 fxg6 20. Qh6+ Kg8 21. e5 dxe5
22. Ne4 Nh5 23. Ng5 Rf7 24. dxe6 Bxe6 25. Nxe6 Nxe6 26. Ra6 Re7 27. Rxe6 Rxe6
28. Rxh5 Kf7 29. Rxe5 Rbb6 30. Qxh7+ Kf6 31. Qh4+ Kg7 32. Rxe6 Rxe6 33. Bxe6
Qxe6 34. Qd8 Qb3 35. b6 Qb4+ 36. Kf2 Kh6 37. Qh8+ Kg5 38. Qe5+ Kh6 39. Qf4+
Qxf4 40. Nxf4 g5 41. b7 1/2-1/2

[Event "Robinson Cup"]
[Site "Paisley"]
[Date "2018.07.16"]
[Round "1.1"]
[White "Chemla, Anouk"]
[Black "Hunter, Eoin"]
[Result "1-0"]
[WhiteElo "1715"]
[BlackElo "1488"]
[PlyCount "125"]
[EventDate "2018.07.16"]
[WhiteTeam "France"]
[BlackTeam "Ireland"]
[WhiteTeamCountry "FRA"]
[BlackTeamCountry "IRL"]

1. Nf3 d5 2. g3 Nc6 3. d4 Nf6 4. Bg2 e6 5. O-O Bd6 6. c4 b6 7. Nc3 Bb7 8. Bg5
Be7 9. cxd5 exd5 10. Ne5 Nxe5 11. dxe5 Ng8 12. Bf4 c6 13. Qa4 b5 14. Qb3 a6 15.
Rfd1 Bg5 16. Bxg5 Qxg5 17. e4 dxe4 18. Nxe4 Qe7 19. Nd6+ Kf8 20. Rac1 Rd8 21.
Nxb7 Rxd1+ 22. Qxd1 g6 23. Bxc6 Qxe5 24. Qd6+ Qe7 25. Qxe7+ Nxe7 26. Bg2 Kg7
27. Rc7 Nf5 28. Nc5 a5 29. Bd5 Nh6 30. Ra7 Rc8 31. Ne4 Rd8 32. Bc6 Rd4 33. Rxa5
Rc4 34. Bb7 Rc1+ 35. Kg2 Ra1 36. a3 f5 37. Nc3 Nf7 38. Nxb5 Rb1 39. b4 Rd1 40.
Bf3 Rd3 41. Nc7 Nd6 42. Rd5 Rxd5 43. Bxd5 Kf6 44. f4 Ke7 45. a4 Nc8 46. a5 Kd6
47. b5 Kxc7 48. b6+ Kb8 49. Bg8 h6 50. Bh7 Ne7 51. Kf3 g5 52. h4 g4+ 53. Ke3
Nd5+ 54. Kd4 Nf6 55. Bxf5 Nh5 56. Bxg4 Nxg3 57. Bf3 Nf5+ 58. Ke5 Nxh4 59. Be4
h5 60. a6 Nf5 61. a7+ Kc8 62. a8=Q+ Kd7 63. Bxf5+ 1-0

[Event "Robinson Cup"]
[Site "Paisley"]
[Date "2018.07.16"]
[Round "1.2"]
[White "Sivarajasingam, Venetia"]
[Black "Ratnesan, Ranesh"]
[Result "0-1"]
[WhiteElo "1843"]
[BlackElo "2073"]
[PlyCount "90"]
[EventDate "2018.07.16"]
[WhiteTeam "Wales"]
[BlackTeam "England"]
[WhiteTeamCountry "WLS"]
[BlackTeamCountry "ENG"]

1. e4 c5 2. Nf3 d6 3. Bb5+ Bd7 4. Bxd7+ Nxd7 5. d4 cxd4 6. Qxd4 Ngf6 7. c4 g6
8. Nc3 Bg7 9. O-O O-O 10. Re1 Nc5 11. Qd1 Rc8 12. Bg5 Ne6 13. Qe2 Nxg5 14. Nxg5
Nd7 15. Nd1 Ne5 16. Ne3 Qa5 17. Nh3 Qa6 18. Rec1 Nc6 19. Qd2 Ne5 20. Qe2 Bh6
21. b3 Nc6 22. Rd1 Bg7 23. Rac1 Nd4 24. Qd2 b5 25. Nd5 Qb7 26. cxb5 Nxb5 27.
Qb4 e6 28. Ne3 Qb8 29. Rxc8 Rxc8 30. Qd2 Nc3 31. Rc1 Ne2+ 32. Qxe2 Rxc1+ 33.
Nf1 Bh6 34. g3 Qb4 35. Kg2 Re1 36. Qa6 Qxe4+ 37. Kg1 Qe2 38. Qxe2 Rxe2 39. a3
Rb2 40. b4 d5 41. f4 Bg7 42. Ng5 Bd4+ 43. Kh1 Rf2 44. Kg1 Rxf4+ 45. Kg2 Rf2+
0-1

[Event "Robinson Cup"]
[Site "Paisley"]
[Date "2018.07.16"]
[Round "1.2"]
[White "Watson, Mikey J"]
[Black "Rathbone-Jones, Ifan"]
[Result "1/2-1/2"]
[WhiteElo "1962"]
[BlackElo "1703"]
[PlyCount "57"]
[EventDate "2018.07.16"]
[WhiteTeam "England"]
[BlackTeam "Wales"]
[WhiteTeamCountry "ENG"]
[BlackTeamCountry "WLS"]

1. Nf3 c5 2. c4 g6 3. g3 Bg7 4. d4 d6 5. Nc3 cxd4 6. Nxd4 a6 7. Bg2 Qc7 8. Qd3
Nf6 9. O-O Nbd7 10. b3 O-O 11. Bb2 e5 12. Nc2 Nc5 13. Qd2 Rd8 14. Ne3 Qe7 15.
Ned5 Nxd5 16. Nxd5 Qf8 17. Rad1 Rb8 18. e4 Bg4 19. f3 Bd7 20. Bc3 b6 21. Qe2
Rb7 22. Kh1 Bc6 23. Qe3 Bxd5 24. Rxd5 Qe7 25. Rfd1 Ne6 26. R5d2 Qf8 27. Qf2 Bh6
28. Rd3 Rbb8 29. Rf1 1/2-1/2

[Event "Robinson Cup"]
[Site "Paisley"]
[Date "2018.07.16"]
[Round "1.2"]
[White "Mcintosh, David"]
[Black "See, Tristian"]
[Result "0-1"]
[WhiteElo "1368"]
[BlackElo "1734"]
[PlyCount "140"]
[EventDate "2018.07.16"]
[WhiteTeam "Wales"]
[BlackTeam "England"]
[WhiteTeamCountry "WLS"]
[BlackTeamCountry "ENG"]

1. d4 d5 2. c4 e6 3. Nc3 c5 4. cxd5 exd5 5. Nf3 Nc6 6. e3 Nf6 7. Be2 Be7 8. O-O
O-O 9. b3 Ne4 10. Bb2 Bf5 11. dxc5 Nxc3 12. Bxc3 Bxc5 13. Nd4 Nxd4 14. Bxd4 Bd6
15. Bg4 Qh4 16. h3 Be6 17. Bxe6 fxe6 18. Qg4 Qe7 19. Rac1 e5 20. Bb2 Bc5 21.
Qh5 Bd6 22. Rfd1 Qe6 23. Rc2 Rad8 24. Rcd2 Bb8 25. Qg4 Qf6 26. Qe2 a6 27. Bc3
Rd7 28. Rf1 Rc8 29. Bb2 h6 30. Rc2 Rxc2 31. Qxc2 Bc7 32. Rd1 Qe6 33. Qc5 Bd8
34. Qc8 e4 35. Be5 Kf7 36. Bg3 Bf6 37. Rc1 Ke7 38. Rc7 Rxc7 39. Qxc7+ Qd7 40.
Qc5+ Ke6 41. Qb6+ Qc6 42. Qxc6+ bxc6 43. Kf1 c5 44. Bc7 Kd7 45. Ba5 Kc6 46. Bd2
d4 47. exd4 cxd4 48. Ke2 Kd5 49. a4 d3+ 50. Kd1 Be5 51. f3 exf3 52. gxf3 g5 53.
Ke1 Bg3+ 54. Kd1 Kd4 55. b4 Kc4 56. Kc1 Bd6 57. b5 axb5 58. axb5 Kxb5 59. h4
gxh4 60. Be3 h3 61. Bg1 h2 62. Bxh2 Bxh2 63. Kd2 Kc4 64. Kd1 Kc3 65. Kc1 d2+
66. Kd1 Bf4 67. Ke2 Kc2 68. Kf2 d1=Q 69. Kg2 Qe1 70. Kh3 Qg3# 0-1

[Event "Robinson Cup"]
[Site "Paisley"]
[Date "2018.07.16"]
[Round "1.2"]
[White "Ratnesan, Rajeiv"]
[Black "Smith, Madeleine"]
[Result "1-0"]
[WhiteElo "1648"]
[BlackElo "1126"]
[PlyCount "137"]
[EventDate "2018.07.16"]
[WhiteTeam "England"]
[BlackTeam "Wales"]
[WhiteTeamCountry "ENG"]
[BlackTeamCountry "WLS"]

1. Nf3 d5 2. c4 e6 3. b3 Nf6 4. g3 Nc6 5. Bb2 Bc5 6. Bg2 O-O 7. O-O Re8 8. d4
Bf8 9. e3 Na5 10. c5 b6 11. Bc3 Nc6 12. b4 Ne4 13. b5 Nxc3 14. Nxc3 Na5 15. c6
a6 16. a4 Nc4 17. Qd3 g6 18. Nd2 Nxd2 19. Qxd2 Bg7 20. Ra2 Qd6 21. h3 Rd8 22.
Rc2 Ra7 23. Kh2 h5 24. Rd1 h4 25. Qe2 hxg3+ 26. fxg3 Kh7 27. e4 dxe4 28. Nxe4
Qe7 29. Qg4 Rh8 30. Rf2 f5 31. Qg5 Qxg5 32. Nxg5+ Kg8 33. Rdd2 axb5 34. axb5
Ra5 35. d5 Bf6 36. Nxe6 Bxe6 37. dxe6 Kf8 38. Rd7 Be7 39. Rxc7 Rxb5 40. Ra2 Kg7
41. Rxe7+ Kf6 42. Raa7 Rg8 43. Rad7 Rc5 44. c7 Rc8 45. Bb7 Rc2+ 46. Kg1 Rg8 47.
c8=Q Rgxc8 48. Bxc8 Rxc8 49. Rc7 Rd8 50. Red7 Re8 51. e7 b5 52. Rd8 Rxe7 53.
Rxe7 Kxe7 54. Rb8 Kf6 55. Rxb5 Kg5 56. Kf2 Kf6 57. Kf3 Kg5 58. h4+ Kh6 59. Kf4
Kh5 60. g4+ Kh6 61. gxf5 gxf5 62. Rxf5 Kg7 63. Kg4 Kh6 64. Rf6+ Kg7 65. Kg5 Kh7
66. Rf7+ Kh8 67. Kg6 Kg8 68. h5 Kh8 69. Rf8# 1-0

[Event "Robinson Cup"]
[Site "Paisley"]
[Date "2018.07.16"]
[Round "1.3"]
[White "Elgersma, Onno"]
[Black "Kante, Kalyan Sai Nandan"]
[Result "1-0"]
[WhiteElo "2150"]
[BlackElo "1531"]
[PlyCount "73"]
[EventDate "2018.07.16"]
[WhiteTeam "Netherlands"]
[BlackTeam "Scotland"]
[WhiteTeamCountry "NED"]
[BlackTeamCountry "SCO"]

1. e4 e5 2. Nf3 Nc6 3. Bc4 Bc5 4. c3 Nf6 5. d3 d6 6. h3 h6 7. a4 a5 8. Nbd2 Ne7
9. Nf1 Ng6 10. Ne3 O-O 11. O-O c6 12. d4 exd4 13. cxd4 Ba7 14. Bd3 Nf4 15. Bb1
Bb8 16. Nf5 Bxf5 17. exf5 N4d5 18. g4 Re8 19. Ra3 Nb4 20. Nd2 d5 21. Qf3 Qc7
22. Qg2 Ba7 23. Nf3 Ne4 24. Be3 Qe7 25. Ne5 f6 26. Ng6 Qc7 27. h4 c5 28. Rc1 c4
29. Qf3 Nc6 30. Rd1 Qd8 31. Nf4 Rc8 32. Ne6 Qb6 33. Qe2 Nd8 34. Nf4 Qc6 35. f3
Nd6 36. Qd2 N8f7 37. Qxa5 1-0

[Event "Robinson Cup"]
[Site "Paisley"]
[Date "2018.07.16"]
[Round "1.3"]
[White "Sibbald, Connor"]
[Black "Pham, Khoi"]
[Result "0-1"]
[WhiteElo "1382"]
[BlackElo "2037"]
[PlyCount "106"]
[EventDate "2018.07.16"]
[WhiteTeam "Scotland"]
[BlackTeam "Netherlands"]
[WhiteTeamCountry "SCO"]
[BlackTeamCountry "NED"]

1. d4 Nf6 2. c4 g6 3. Nc3 Bg7 4. e4 d6 5. f3 O-O 6. Nge2 Nbd7 7. Be3 a6 8. Qd2
c5 9. Rd1 Qc7 10. Bh6 cxd4 11. Nxd4 Bxh6 12. Qxh6 Ne5 13. Nd5 Nxd5 14. cxd5
Qa5+ 15. Qd2 Qxa2 16. Be2 f5 17. O-O fxe4 18. fxe4 Bd7 19. Rc1 e6 20. dxe6 Bxe6
21. Nxe6 Qxe6 22. Qb4 b5 23. Rfd1 Rad8 24. Rd5 Qe7 25. Rcd1 Rf6 26. Qa3 Qa7+
27. Kh1 Qb6 28. Qb3 Kh8 29. Qb4 Qf2 30. Qe1 Rdf8 31. h3 Qf4 32. R5d4 h6 33. Qd2
Qxd2 34. R1xd2 Nf7 35. b4 Rc8 36. Ra2 Ne5 37. Rxa6 Rc2 38. Ra8+ Kg7 39. Ra7+
Kf8 40. Ra8+ Ke7 41. Ra7+ Ke6 42. Ra6 Nc6 43. Bg4+ Ke5 44. Rd5+ Kxe4 45. Rxb5
Nd4 46. Rba5 h5 47. Bc8 Rxc8 48. Ra2 Rc1+ 49. Kh2 h4 50. R6a3 Rff1 51. g4 hxg3+
52. Kxg3 Rg1+ 53. Rg2 Nf5+ 0-1

[Event "Robinson Cup"]
[Site "Paisley"]
[Date "2018.07.16"]
[Round "1.3"]
[White "Kutchoukov, Daniel"]
[Black "Connolly Sams, Dietah"]
[Result "1-0"]
[WhiteElo "1966"]
[BlackElo "1466"]
[PlyCount "85"]
[EventDate "2018.07.16"]
[WhiteTeam "Netherlands"]
[BlackTeam "Scotland"]
[WhiteTeamCountry "NED"]
[BlackTeamCountry "SCO"]

1. e4 e6 2. d4 d5 3. Nd2 c5 4. Ngf3 Nc6 5. exd5 exd5 6. Be2 Nf6 7. O-O cxd4 8.
Nb3 Qb6 9. Nfxd4 Nxd4 10. Qxd4 Qxd4 11. Nxd4 Bc5 12. Be3 O-O 13. Rad1 Re8 14.
Rfe1 Ng4 15. Bxg4 Bxg4 16. f3 Bd7 17. Kf2 Rac8 18. c3 f6 19. Nc2 Bxe3+ 20. Nxe3
Kf7 21. Nxd5 Be6 22. Nf4 Bxa2 23. Rd7+ Kf8 24. Ra1 Bc4 25. Rxb7 Re7 26. Rxe7
Kxe7 27. Rxa7+ Kf8 28. Ke3 Rd8 29. Rc7 Bb3 30. c4 Re8+ 31. Kd4 Re5 32. Rb7 Ba2
33. b4 Re1 34. Kc5 Rc1 35. Ne6+ Ke8 36. Nxg7+ Kd8 37. Ne6+ Ke8 38. Kd5 Rd1+ 39.
Nd4 Re1 40. b5 Re5+ 41. Kd6 h5 42. Ne6 h4 43. Re7# 1-0

[Event "Robinson Cup"]
[Site "Paisley"]
[Date "2018.07.16"]
[Round "1.3"]
[White "Hartman, James"]
[Black "Maters, Arthur"]
[Result "0-1"]
[WhiteElo "1335"]
[BlackElo "1945"]
[PlyCount "66"]
[EventDate "2018.07.16"]
[WhiteTeam "Scotland"]
[BlackTeam "Netherlands"]
[WhiteTeamCountry "SCO"]
[BlackTeamCountry "NED"]

1. d4 Nf6 2. Nf3 e6 3. Bf4 d5 4. e3 Bd6 5. Bg3 O-O 6. Nbd2 b6 7. c3 c5 8. Be2
Ba6 9. Ne5 Bxe2 10. Qxe2 Qc7 11. O-O Nbd7 12. f4 Ne8 13. Rac1 f5 14. Bh4 Nef6
15. Rf3 Ne4 16. Nxe4 fxe4 17. Rg3 Nxe5 18. fxe5 Be7 19. Rg4 Bxh4 20. Rxh4 Rf5
21. Rf4 Rxf4 22. exf4 cxd4 23. Qd1 d3 24. Qg4 Re8 25. Qg3 Qc5+ 26. Kh1 d4 27.
Qe1 e3 28. Qd1 d2 29. Rb1 dxc3 30. bxc3 Qxc3 31. Qa4 Qc1+ 32. Qd1 Qxd1+ 33.
Rxd1 e2 0-1

[Event "Robinson Cup"]
[Site "Paisley"]
[Date "2018.07.16"]
[Round "1.3"]
[White "Bleeker, Kasper"]
[Black "Maheshwari, Ritvik"]
[Result "1/2-1/2"]
[WhiteElo "1739"]
[BlackElo "1281"]
[PlyCount "113"]
[EventDate "2018.07.16"]
[WhiteTeam "Netherlands"]
[BlackTeam "Scotland"]
[WhiteTeamCountry "NED"]
[BlackTeamCountry "SCO"]

1. e4 e6 2. d4 d5 3. exd5 exd5 4. Bd3 Bd6 5. Nc3 Nf6 6. Bg5 c6 7. Qd2 h6 8. Bh4
Be6 9. Nf3 Nbd7 10. O-O Qc7 11. Rfe1 O-O 12. Bg3 Bxg3 13. hxg3 Rfe8 14. Ne5
Nxe5 15. Rxe5 Ng4 16. Re2 Bd7 17. Rae1 Rxe2 18. Nxe2 Re8 19. Nf4 Qd8 20. Re2
Nf6 21. Qe1 Rxe2 22. Qxe2 Qe8 23. Qxe8+ Nxe8 24. Kf1 Kf8 25. Ke2 Ke7 26. c3 Nd6
27. b3 g5 28. Nh3 Bf5 29. Bxf5 Nxf5 30. Kf3 Ng7 31. g4 Kd6 32. Ng1 Ne6 33. Ne2
b6 34. Ng3 Ng7 35. Ke3 Ke6 36. c4 Kd6 37. Ne2 Ne6 38. Nc3 a6 39. Ne2 Ng7 40.
Nc1 f6 41. Nd3 Ne6 42. a3 b5 43. cxd5 cxd5 44. b4 Nc7 45. Nc1 Ne6 46. Ne2 Kc7
47. Ng3 Ng7 48. f4 Kd7 49. Ne2 Ne6 50. fxg5 hxg5 51. Ng3 Ng7 52. Nf5 Nxf5+ 53.
gxf5 Ke7 54. Kf3 Kf7 55. Kg4 Kg7 56. Kh5 Kh7 57. Kg4 1/2-1/2

[Event "Robinson Cup"]
[Site "Paisley"]
[Date "2018.07.16"]
[Round "1.1"]
[White "Farrelly, Eoin"]
[Black "Kien, Clovis"]
[Result "1-0"]
[WhiteElo "1609"]
[BlackElo "1696"]
[PlyCount "95"]
[EventDate "2018.07.16"]
[WhiteTeam "Ireland"]
[BlackTeam "France"]
[WhiteTeamCountry "IRL"]
[BlackTeamCountry "FRA"]

1. e4 e5 2. Nf3 Nc6 3. Bb5 a6 4. Ba4 Nge7 5. O-O g6 6. c3 Bg7 7. d4 b5 8. Bb3
exd4 9. cxd4 d5 10. e5 Bg4 11. h3 Bxf3 12. gxf3 Nf5 13. Be3 Na5 14. f4 O-O 15.
Nd2 Nc4 16. Nxc4 bxc4 17. Bc2 Qd7 18. Kh2 c5 19. Qg4 cxd4 20. Bxd4 Rfd8 21. Qd1
Bf8 22. Qd2 Rdc8 23. Rfd1 Bc5 24. Bxc5 Rxc5 25. Bxf5 Qxf5 26. Qd4 Rac8 27. Rac1
a5 28. Rc3 Qd7 29. b3 Qc6 30. bxc4 Rxc4 31. Rxc4 dxc4 32. Qd7 Kf8 33. Qxc6 Rxc6
34. Rc1 Ke7 35. Kg3 Ke6 36. Kf3 Kd5 37. Ke3 Rb6 38. Rd1+ Kc5 39. Rd7 Rb2 40.
Rxf7 Rxa2 41. Rb7 Kd5 42. Rb5+ Kc6 43. Rb1 Ra3+ 44. Ke2 Rxh3 45. Rd1 a4 46. Rd4
Kc5 47. e6 Kxd4 48. e7 1-0

[Event "Robinson Cup"]
[Site "Paisley"]
[Date "2018.07.16"]
[Round "1.1"]
[White "Randrianarimanana, Alicia"]
[Black "Murphy, Adam"]
[Result "1-0"]
[WhiteElo "1893"]
[BlackElo "1695"]
[PlyCount "151"]
[EventDate "2018.07.16"]
[WhiteTeam "France"]
[BlackTeam "Ireland"]
[WhiteTeamCountry "FRA"]
[BlackTeamCountry "IRL"]

1. d4 e6 2. Nf3 f5 3. c4 Nf6 4. Nc3 Be7 5. g3 d6 6. Bg2 O-O 7. O-O Ne4 8. Qc2
Nxc3 9. bxc3 Bf6 10. Rd1 Qe7 11. Qb3 Nd7 12. c5 dxc5 13. Ba3 c6 14. dxc5 Kh8
15. Nd4 Nb8 16. Qc2 g6 17. Rab1 e5 18. Nb3 e4 19. Bc1 Bg7 20. Bf4 Nd7 21. Bd6
Qf6 22. c4 Re8 23. Na5 b6 24. cxb6 axb6 25. Nxc6 Re6 26. Qd2 Bf8 27. Bxf8 Qxf8
28. Nd4 Rd6 29. Qb2 Qf6 30. Rd2 Ne5 31. Qc2 Ba6 32. Nb5 Rxd2 33. Qxd2 Rc8 34.
f3 Nxc4 35. Qd4 Qxd4+ 36. Nxd4 exf3 37. Bxf3 Rd8 38. Nb3 Bc8 39. Kf2 Be6 40.
Ke1 Bd5 41. Rd1 Ne3 42. Rd3 Nc2+ 43. Kd2 Nb4 44. Rd4 Ra8 45. Rxb4 Rxa2+ 46. Ke3
Bxf3 47. Kxf3 Kg7 48. Rxb6 Rb2 49. Rb7+ Kf6 50. Nc5 Rxb7 51. Nxb7 g5 52. Nc5 h5
53. Nd3 Ke6 54. h4 Kf6 55. e3 Kg6 56. Nf2 Kf6 57. hxg5+ Kxg5 58. Nh3+ Kg6 59.
Kf4 Kf6 60. Ng1 Kg6 61. Nf3 Kf6 62. Nh4 Ke6 63. Nxf5 Kf6 64. e4 h4 65. Nxh4 Ke6
66. g4 Kf6 67. g5+ Kg7 68. e5 Kf7 69. g6+ Kg7 70. Kf5 Kf8 71. Kf6 Kg8 72. g7
Kh7 73. Kf7 Kh6 74. g8=Q Kh5 75. Nf3 Kh6 76. Qg6# 1-0

[Event "Robinson Cup"]
[Site "Paisley"]
[Date "2018.07.16"]
[Round "1.1"]
[White "Remenyik, David"]
[Black "Brouard, Gregoire"]
[Result "1-0"]
[WhiteElo "1769"]
[BlackElo "1952"]
[PlyCount "99"]
[EventDate "2018.07.16"]
[WhiteTeam "Ireland"]
[BlackTeam "France"]
[WhiteTeamCountry "IRL"]
[BlackTeamCountry "FRA"]

1. d4 Nf6 2. Nf3 g6 3. c4 Bg7 4. Nc3 O-O 5. e4 d6 6. Be2 e5 7. d5 a5 8. Bg5 h6
9. Bh4 g5 10. Bg3 Nh5 11. Nd2 Nf4 12. O-O Na6 13. a3 Nc5 14. b4 axb4 15. axb4
Rxa1 16. Qxa1 Nxe2+ 17. Nxe2 Nd3 18. Qa3 Nf4 19. Nc3 h5 20. c5 h4 21. Bxf4 exf4
22. cxd6 cxd6 23. Nb5 g4 24. Nc4 Be5 25. Qa5 b6 26. Nxb6 g3 27. f3 h3 28. Nxc8
Qxc8 29. Qc7 Bd4+ 30. Kh1 Qa6 31. Qa5 Qc8 32. Nxd4 Qc3 33. Qa1 hxg2+ 34. Kxg2
Qd2+ 35. Kh3 Qxh2+ 36. Kg4 g2 37. Nf5 f6 38. Rg1 Kh8 39. Nxd6 Rg8+ 40. Kf5 Rf8
41. Ke6 Qh3+ 42. Ke7 Kg8 43. Qa2 Qh7+ 44. Ke6 Rd8 45. Qxg2+ Kf8 46. Qg6 Qe7+
47. Kf5 Qe5+ 48. Kg4 Rxd6 49. Kh3 Ke7 50. Qh7+ 1-0

[Event "Robinson Cup"]
[Site "Paisley"]
[Date "2018.07.17"]
[Round "3.1"]
[White "Sivarajasingam, Venetia"]
[Black "Gupta, Utkarsh"]
[Result "0-1"]
[WhiteElo "1843"]
[BlackElo "1797"]
[PlyCount "62"]
[EventDate "2018.07.16"]
[WhiteTeam "Wales"]
[BlackTeam "Ireland"]
[WhiteTeamCountry "WLS"]
[BlackTeamCountry "IRL"]

1. e4 e6 2. d4 d5 3. e5 Bd7 4. Nf3 c5 5. c3 Qb6 6. Be2 Bb5 7. c4 Bc6 8. dxc5
Bxc5 9. O-O Ne7 10. Nbd2 Ng6 11. cxd5 Bxd5 12. b3 Bd4 13. Bb5+ Nc6 14. Nxd4
Qxd4 15. Rb1 Qxe5 16. Bxc6+ Bxc6 17. Bb2 Qd6 18. Nf3 Qxd1 19. Rfxd1 O-O 20. Nd4
Rac8 21. Ba3 Rfe8 22. Rbc1 Bd5 23. Nb5 Rxc1 24. Rxc1 Nf4 25. Rc7 Rd8 26. Nd6 e5
27. g3 Ne6 28. Rc1 Bc6 29. Re1 Nd4 30. Rc1 Ne2+ 31. Kf1 Nxc1 0-1

[Event "Robinson Cup"]
[Site "Paisley"]
[Date "2018.07.17"]
[Round "3.1"]
[White "Remenyik, David"]
[Black "Rathbone-Jones, Ifan"]
[Result "0-1"]
[WhiteElo "1769"]
[BlackElo "1703"]
[PlyCount "46"]
[EventDate "2018.07.16"]
[WhiteTeam "Ireland"]
[BlackTeam "Wales"]
[WhiteTeamCountry "IRL"]
[BlackTeamCountry "WLS"]

1. d4 d5 2. c4 Bf5 3. Nc3 e5 4. cxd5 exd4 5. Qxd4 Nd7 6. e4 Bg6 7. Nf3 h6 8.
Bf4 a6 9. Be2 Ngf6 10. O-O Bc5 11. Qd3 O-O 12. Be3 Re8 13. Nd2 Ne5 14. Qc2 Bxe3
15. fxe3 Qd6 16. h3 b5 17. a3 Qc5 18. Kf2 Nxd5 19. Nb3 Qxe3+ 20. Ke1 Nxc3 21.
Qxc3 Qxe4 22. Nd2 Nd3+ 23. Kd1 Qxe2+ 0-1

[Event "Robinson Cup"]
[Site "Paisley"]
[Date "2018.07.17"]
[Round "3.1"]
[White "Mcintosh, David"]
[Black "Murphy, Adam"]
[Result "1-0"]
[WhiteElo "1368"]
[BlackElo "1695"]
[PlyCount "125"]
[EventDate "2018.07.16"]
[WhiteTeam "Wales"]
[BlackTeam "Ireland"]
[WhiteTeamCountry "WLS"]
[BlackTeamCountry "IRL"]

1. d4 e6 2. c4 f5 3. Nc3 Nf6 4. Nf3 Be7 5. g3 d6 6. Bg2 O-O 7. O-O Ne4 8. Qb3
Kh8 9. d5 Nxc3 10. Qxc3 e5 11. e3 Qe8 12. Nd2 Qg6 13. f4 e4 14. Qc2 Na6 15. a3
Nc5 16. b4 Nd7 17. Nb3 Bf6 18. Bb2 Qh6 19. Nd4 Bxd4 20. Bxd4 Nf6 21. Bxf6 Rxf6
22. Rac1 b6 23. Rfd1 Ba6 24. c5 Bd3 25. Qb2 b5 26. cxd6 cxd6 27. Rc6 Qh5 28.
Rdc1 Bc4 29. Bf1 Bxd5 30. Rc8+ Rxc8 31. Rxc8+ Bg8 32. Qb3 Qf7 33. Qxf7 Rxf7 34.
Bxb5 g6 35. Bc4 Rg7 36. a4 h6 37. b5 Rb7 38. Bxg8 Kg7 39. Bd5 Rd7 40. Rb8 Kf6
41. Rb7 Ke7 42. Rxd7+ Kxd7 43. a5 Kc7 44. h4 Kb8 45. Bf7 Kc7 46. Bxg6 d5 47.
Bxf5 h5 48. g4 hxg4 49. Bxg4 a6 50. b6+ Kb7 51. h5 d4 52. exd4 e3 53. h6 e2 54.
Bxe2 Kc6 55. h7 Kb7 56. Bf3+ Kc8 57. h8=Q+ Kd7 58. Qg7+ Ke6 59. Qe5+ Kf7 60. b7
Kg6 61. b8=R Kh6 62. Rb6+ Kh7 63. Qc7+ 1-0

[Event "Robinson Cup"]
[Site "Paisley"]
[Date "2018.07.17"]
[Round "3.1"]
[White "Farrelly, Eoin"]
[Black "Smith, Madeleine"]
[Result "1-0"]
[WhiteElo "1609"]
[BlackElo "1126"]
[PlyCount "105"]
[EventDate "2018.07.16"]
[WhiteTeam "Ireland"]
[BlackTeam "Wales"]
[WhiteTeamCountry "IRL"]
[BlackTeamCountry "WLS"]

1. d4 d5 2. e3 Nf6 3. Bd3 c5 4. c3 Nc6 5. Nd2 Bg4 6. Ngf3 e6 7. O-O Bd6 8. h3
Bh5 9. Qe1 Qc7 10. e4 c4 11. exd5 cxd3 12. dxc6 Qxc6 13. Qe3 Bg6 14. Ne5 Bxe5
15. Qxe5 O-O 16. Nb3 b6 17. Bd2 Rfd8 18. Rfd1 Rd5 19. Qe3 Re8 20. f4 Rh5 21.
Nc1 Be4 22. Qg3 Qb5 23. b3 Qf5 24. Re1 Rh6 25. Qg5 Qg6 26. Re3 Rd8 27. Qxg6
Rxg6 28. g3 Bf5 29. Nxd3 Nd5 30. Ne5 Rh6 31. Ree1 Rxh3 32. Kg2 Rh6 33. g4 f6
34. gxf5 fxe5 35. fxe6 Rxe6 36. fxe5 Rf8 37. Rf1 Rc8 38. c4 Ne7 39. Rae1 Rb8
40. d5 Rg6+ 41. Kh3 b5 42. d6 Nc6 43. c5 a5 44. e6 Nd8 45. e7 Ne6 46. d7 h6 47.
e8=Q+ Rxe8 48. dxe8=Q+ Kh7 49. Rxe6 Rxe6 50. Qxe6 a4 51. Rg1 g5 52. Qf7+ Kh8
53. Bc3# 1-0

[Event "Robinson Cup"]
[Site "Paisley"]
[Date "2018.07.17"]
[Round "3.2"]
[White "Elgersma, Onno"]
[Black "Lary, Damien"]
[Result "1-0"]
[WhiteElo "2150"]
[BlackElo "2098"]
[PlyCount "157"]
[EventDate "2018.07.16"]
[WhiteTeam "Netherlands"]
[BlackTeam "France"]
[WhiteTeamCountry "NED"]
[BlackTeamCountry "FRA"]

1. e4 e6 2. d4 d5 3. Nc3 Bb4 4. e5 c5 5. a3 Bxc3+ 6. bxc3 Qc7 7. Nf3 b6 8. Bb5+
Bd7 9. Bd3 c4 10. Be2 Ba4 11. O-O Nc6 12. Nh4 f5 13. f4 O-O-O 14. Ra2 Nge7 15.
g4 g6 16. h3 Kb7 17. Qe1 Rdg8 18. gxf5 Nxf5 19. Nxf5 gxf5+ 20. Kh2 Qf7 21. Be3
h5 22. Qh4 Rg6 23. Bf3 Qg7 24. Rg1 Rg4 25. Qf2 Rxg1 26. Qxg1 Qh6 27. Qf2 h4 28.
Ra1 Rg8 29. Rg1 Rxg1 30. Kxg1 Qg7+ 31. Kf1 Qe7 32. Bc1 a5 33. Bd1 Na7 34. Bb2
Nb5 35. Qg2 Nxa3 36. Qg5 Qxg5 37. fxg5 Nxc2 38. Kg1 Nxd4 39. g6 Be8 40. g7 Bf7
41. cxd4 b5 42. Kf2 Kb6 43. Ke3 a4 44. Bc3 a3 45. Kd2 a2 46. Kc2 b4 47. Ba1 Kc7
48. Bh5 Bg8 49. Kb2 Kd7 50. Kxa2 Ke7 51. Kb2 f4 52. Kc2 Bf7 53. Bg4 Bg8 54. Kd2
Kf7 55. Ke2 Kxg7 56. Kf3 Kf7 57. Kxf4 Ke7 58. Kg5 c3 59. Kxh4 Kd7 60. Bd1 Bh7
61. Ba4+ Ke7 62. Kg5 Bf5 63. h4 Kf7 64. h5 Bh7 65. h6 Bf5 66. Bd1 Kg8 67. Bg4
Bxg4 68. Kxg4 Kh8 69. Kg5 Kh7 70. Kh5 Kg8 71. Kg6 Kh8 72. Kf6 Kh7 73. Kxe6 Kxh6
74. Kxd5 Kg5 75. e6 Kf4 76. e7 Ke3 77. e8=Q+ Kd2 78. Kc4 c2 79. Bb2 1-0

[Event "Robinson Cup"]
[Site "Paisley"]
[Date "2018.07.17"]
[Round "3.2"]
[White "Brouard, Gregoire"]
[Black "Pham, Khoi"]
[Result "0-1"]
[WhiteElo "1952"]
[BlackElo "2037"]
[PlyCount "120"]
[EventDate "2018.07.16"]
[WhiteTeam "France"]
[BlackTeam "Netherlands"]
[WhiteTeamCountry "FRA"]
[BlackTeamCountry "NED"]

1. d4 Nf6 2. c4 g6 3. g3 Bg7 4. Bg2 d6 5. Nf3 O-O 6. Nc3 Nbd7 7. O-O e5 8. dxe5
dxe5 9. e4 c6 10. Qc2 a5 11. h3 Qe7 12. Be3 Nc5 13. a3 Nfd7 14. b4 axb4 15.
axb4 Rxa1 16. Rxa1 Na6 17. b5 Nac5 18. Ne1 Ne6 19. bxc6 bxc6 20. Nd3 Nd4 21.
Bxd4 exd4 22. Na4 Bb7 23. c5 Ba6 24. Nab2 Bb5 25. Ra7 Rd8 26. f4 Qe6 27. Kh2
Bf8 28. g4 Qe8 29. e5 Kh8 30. Bf3 f6 31. exf6 Qe3 32. Kg2 Nxf6 33. Ne5 Qc3 34.
Qf2 Qxc5 35. Qh4 Bg7 36. Nxg6+ Kg8 37. Ne7+ Kf8 38. g5 Nd7 39. f5 Qxe7 40. f6
Bxf6 41. gxf6 Qxf6 42. Qxh7 Qg7+ 43. Qxg7+ Kxg7 44. Rc7 c5 45. Bg4 Kf6 46. Bxd7
Bxd7 47. Rxc5 Bf5 48. Nc4 d3 49. Nd2 Re8 50. Kf3 Re2 51. Nb3 Rb2 52. Nd4 Bxh3
53. Rc6+ Ke5 54. Ke3 d2 55. Rc5+ Kd6 56. Rc6+ Kd7 57. Rc5 d1=Q 58. Rd5+ Kc8 59.
Rc5+ Kb7 60. Nf5 Re2+ 0-1